Kinetic modeling of an oxidation mechanism (notice n° 1903655)
[ vue normale ]
| 000 -LEADER | |
|---|---|
| fixed length control field | 00589cam a2200181 4500500 |
| 005 - DATE AND TIME OF LATEST TRANSACTION | |
| control field | 20260329020053.0 |
| 041 ## - LANGUAGE CODE | |
| Language code of text/sound track or separate title | fre |
| 042 ## - AUTHENTICATION CODE | |
| Authentication code | dc |
| 100 10 - MAIN ENTRY--PERSONAL NAME | |
| Personal name | Audouin, Ludmila |
| Relator term | author |
| 245 00 - TITLE STATEMENT | |
| Title | Kinetic modeling of an oxidation mechanism |
| 260 ## - PUBLICATION, DISTRIBUTION, ETC. | |
| Date of publication, distribution, etc. | 2026.<br/> |
| 500 ## - GENERAL NOTE | |
| General note | 79 |
| 700 10 - ADDED ENTRY--PERSONAL NAME | |
| Personal name | Colin, Xavier |
| Relator term | author |
| 700 10 - ADDED ENTRY--PERSONAL NAME | |
| Personal name | Fayolle, Bruno |
| Relator term | author |
| 700 10 - ADDED ENTRY--PERSONAL NAME | |
| Personal name | Verdu, Jacques |
| Relator term | author |
| 786 0# - DATA SOURCE ENTRY | |
| Note | Plastics and composites | - | 2026-03-04 | p. 31-31 |
| 856 41 - ELECTRONIC LOCATION AND ACCESS | |
| Uniform Resource Identifier | <a href="https://stm.cairn.info/general-properties-of-plastics--bdti42152210-am3154-page-31?lang=en&redirect-ssocas=7080">https://stm.cairn.info/general-properties-of-plastics--bdti42152210-am3154-page-31?lang=en&redirect-ssocas=7080</a> |
Pas d'exemplaire disponible.




Réseaux sociaux